| 000 | 00745nam a2200217 i 4500 | ||
|---|---|---|---|
| 001 | 187003 | ||
| 003 | SpMaBN | ||
| 005 | 20240526062942.0 | ||
| 008 | 170327s1994 sp d |||| | spa d | ||
| 020 | _a84-87748-53-8 | ||
| 080 | _a616-006(038) | ||
| 100 | 0 |
_aDuque Amusco, Alejandro, _d1949- _946152 |
|
| 245 | 1 | 0 |
_aDiccionario oncológico gramatical _b: (con apéndice de términos médicos inusuales) / _cA. Duque Amusco, A. Ordóñez Gallego. |
| 260 |
_aMadrid : _bELA, _c[1994] |
||
| 300 |
_aXXXI, 243 p. ; _c25 cm. |
||
| 504 | _aBibliografía: p. VII. | ||
| 650 | 7 |
_aOncología- _vDiccionarios. _9162191 |
|
| 700 | 1 |
_aOrdóñez Gallego, A. _9162192 |
|
| 852 |
_aES-MaACL _jL-31322 _z- enc. guaflex |
||
| 999 |
_c187003 _d187003 |
||